| 000 | 00494nam a22001937a 4500 | ||
|---|---|---|---|
| 003 | OSt | ||
| 005 | 20140310181736.0 | ||
| 008 | 130320t xxu||||| |||| 00| 0 eng d | ||
| 020 | _a9715811388 | ||
| 050 |
_aHQ801 _b.V3 2004 |
||
| 082 |
_aHQ801 _b.V3 2004 |
||
| 245 |
_aThe complete courtship _cby Nancy Van Pelt |
||
| 260 |
_aPhilippines _bPhilippine Publishing House _c2004 |
||
| 300 |
_a210p. _c21cm. |
||
| 521 | _aTeachers | ||
| 541 | _j1 | ||
| 562 | _e1 | ||
| 942 |
_2lcc _cBK-TR _kTR |
||
| 999 |
_c2567 _d2567 |
||